000 00720nam a2200205Ii 4500
003 JO-AjNU
008 230605s9999||||xx |||||||||||||| ||und||
040 _aJO-AjNU
_bara
_erda
_cJO-AjNU
041 _aara
050 1 4 _aKRB38000.S246.1986
100 3 _a سلامة ، مامون محمد ,
_eauthor
_910122
245 0 0 _aالاجراءات الجنائية في التشريع المصري
250 _a(د،ط)
264 3 1 _aالقاهرة : دار الفكر العربي ، 1986
300 _a622ص
336 _atext
_btxt
_2rdacontent
337 _aunmediated
_bn
_2rdamedia
338 _avolume
_bnc
_2rdacarrier
650 4 _aاجراءات جنائية -- محاكمة -- حكم -- طرق الطعن
_910123
999 _aA1647
_c5215
_d5215